000 004560000a22001810004500
003 MACL
005 20160129162646.0
008 160129b xxu||||| |||| 00| 0 eng d
040 _aMACL
_cMACL
041 _aEnglish
082 _a823/RAO
100 _aRao, R Raja
_935657
245 _aOne day I Locked my Flat in Soul City
260 _bHarperCollins Publishers
_c1995
_aNoida
350 _a195
650 _aFiction
_935658
942 _cBK
_k823/RAO
_2ddc
999 _c32269
_d32269